Life around the lake : embroideries by the women of Lake Pátzcuaro /

Depicts how the Tarascan embroiderers around Lake Pátzcuaro in central Mexico are adapting to modern life.

Bibliographic Details
Main Author: Presilla, Maricel E.
Other Authors: Soto, Gloria
Format: Book
Language:English
Published: New York : Henry Holt and Co., 1996.
Edition:1st ed.
Subjects:

MARC

Tag First Indicator Second Indicator Subfields
LEADER 00000cam a2200000 a 4500
001 in00001751237
005 20151025061655.0
008 950811s1996 nyua j 000 0 eng
010 |a  95038429  
020 |a 0805038000 (acid-free paper) 
035 |a (OCoLC)ocm33102951 
040 |a DLC  |c DLC  |d OCL  |d UtOrBLW 
042 |a lcac 
043 |a n-mx--- 
049 |a TXAM 
050 0 0 |a F1221.T3  |b P73 1996 
082 0 0 |a 972/.37  |2 20 
100 1 |a Presilla, Maricel E. 
245 1 0 |a Life around the lake :  |b embroideries by the women of Lake Pátzcuaro /  |c Maricel E. Presilla and Gloria Soto. 
250 |a 1st ed. 
264 1 |a New York :  |b Henry Holt and Co.,  |c 1996. 
300 |a 1 volume (unpaged) :  |b color illustrations ;  |c 26 cm. 
336 |a text  |b txt  |2 rdacontent 
337 |a unmediated  |b n  |2 rdamedia 
338 |a volume  |b nc  |2 rdacarrier 
520 |a Depicts how the Tarascan embroiderers around Lake Pátzcuaro in central Mexico are adapting to modern life. 
650 0 |a Tarasco embroidery  |v Juvenile literature. 
650 0 |a Tarasco Indians  |x Social life and customs  |v Juvenile literature. 
651 0 |a Pátzcuaro, Lake (Mexico)  |x Social life and customs  |v Juvenile literature. 
650 1 |a Tarasco Indians  |x Social life and customs. 
650 1 |a Indians of Mexico  |x Social life and customs. 
700 1 |a Soto, Gloria. 
994 |a E0  |b TXA 
948 |a cataloged  |b h  |c 2004/9/14  |d c  |e bhartsfi  |f 11:22:29 am 
999 |a MARS 
999 f f |s df12f393-bb90-3f6a-a51a-88608ef253a0  |i cf66fa99-bd9a-338a-b18d-4949f75697af  |t 0 
952 f f |p normal  |a Texas A&M University  |b College Station  |c Sterling C. Evans Library  |d Evans: Curriculum Collection (4th floor)  |t 0  |e F1221.T3 P73 1996  |h Library of Congress classification  |i unmediated -- volume  |m A14831282991 
998 f f |a F1221.T3 P73 1996  |t 0  |l Evans: Curriculum Collection (4th floor)